000 00772nam a2200181Ia 4500
008 100920s9999 xx 000 0 und d
082 _b21545
_a29 थ 68
100 _aगोखले पुरुषोत्तम पांडुरंग.
245 _aसत्याग्रही गांधीजी.
260 _bइंद्रायणी साहित्य प्रकाशन ,पुणे 30.
_c1968
300 _a40
_bसाधी
365 _b0.6
520 _aमहात्मा गांधी वाड:मय.
630 _aसत्याग्रही गांधीजी.
650 _aमहात्मा गांधी वाड:मय.
730 _aसत्याग्रही गांधीजी.
942 _cBOOK
999 _c681495
_d681492